000 00301nam a2200121Ia 4500
008 190216s9999||||xx |||||||||||||| ||und||
100 _aDr.Amith Simh Cambeg
245 0 _aHindi-Computer Kibj Thadha Shabdh Kosh
260 _bPreethi Prakashan
_c2005
300 _a198
650 _aHindi
942 _cBK
999 _c16873
_d16873